First and Last - Statistics

General Stats
  • This quiz has been taken 47 times
    37 since last reset
  • The average score is 18 of 28
Answer Stats
Hint First and Last % Correct
Planets in the solar system Mercury
94%
Months of the year in alphabetical order April
88%
Days of the week in alphabetical order Friday
88%
South America
88%
Zimbabwe
88%
Continents in alphabetical order Africa
85%
Neptune
85%
Countries by area Russia
85%
September
85%
Violet
85%
Rainbow colors spectrum order Red
82%
Wednesday
82%
12 Days of Christmas items A {partridge} in a pear tree
79%
Vatican
79%
Countries in alphabetical order Afghanistan
64%
Military Phonetic Alphabet Alpha
61%
Wives of Henry VIII Catherine of {Aragon}
58%
Elements of Periodic Table Hydrogen
58%
Acceptance
55%
Catherine {Parr}
48%
Zulu
45%
12 {drummers drumming}
42%
The Five Stages of Grief Denial
42%
Five Pillars of Islam Profession of {Faith}
42%
Zagreb
33%
Capital cities in alphabetical order Abu Dhabi
27%
Pilgrimage
18%
Oganesson
12%
No matching quizzes found
Score Distribution
Percent of People with Each Score
Percentile by Number Answered
Your Score History
You have not taken this quiz since the last reset